Mannil rasavlangal cherkkumbol (Record no. 49597)
[ view plain ]
| 000 -LEADER | |
|---|---|
| fixed length control field | 00251nam a2200109Ia 4500 |
| 100 ## - MAIN ENTRY--AUTHOR NAME | |
| Personal name | Mathews P.M. |
| 245 #0 - TITLE STATEMENT | |
| Title | Mannil rasavlangal cherkkumbol |
| 260 ## - PUBLICATION, DISTRIBUTION, ETC. (IMPRINT) | |
| Name of publisher | Rubber |
| Year of publication | 2010 |
| 300 ## - PHYSICAL DESCRIPTION | |
| Number of Pages | 14 |
| 942 ## - ADDED ENTRY ELEMENTS (KOHA) | |
| Koha item type | Bibliography STAF |
| Withdrawn status | Lost status | Damaged status | Not for loan | Home library | Current library | Shelving location | Date acquired | Serial Enumeration / chronology | Koha item type |
|---|---|---|---|---|---|---|---|---|---|
| Bibliography | RRII Library | RRII Library | Crop management | 09/04/2014 | Volume 527, Issue Feb | Bibliography STAF |